[Event "U.S. Amateur North"]
[Site "Detroit, MI"]
[Date "2002.05.26"]
[Round "4.1"]
[White "Rogers, Bradley"]
[Black "Kriseler, Mark"]
[Result "1-0"]
[WhiteElo "2009"]
[BlackElo "1921"]
[Annotator "Don Vandivier"]
[PlyCount "75"]
[EventDate "2002.05.25"]

1. d4 e6 2. Nf3 b6 3. g3 Bb7 4. Bg2 f5 $5 {An interesting idea. Black enters
the Dutch Defense without having the normal "bad bishop".} 5. O-O Nf6 6. b3 Nc6
7. Bb2 Bd6 8. Nbd2 Qe7 9. Nc4 h5 $6 {9... 0-0-0 was preferable. Now White
lashes out with a devastating attack.} 10. Nh4 Qf7 11. Nxd6+ cxd6 12. c4 g5 13.
d5 gxh4 14. dxc6 dxc6 15. Qxd6 Rd8 16. Qe5 {Probably better than} Rh6 17. Rad1
Nd7 18. Qc7 Ba8 19. Qf4 Rg6 20. Qxh4 Rg4 21. Qh3 e5 22. Bf3 Rg5 23. Bc1 f4 24.
Rd6 c5 25. Bxa8 Rxa8 26. Rfd1 Rd8 27. e3 f3 28. e4 Rg4 29. Qf1 Rg6 30. h4 Rxd6
31. Rxd6 Nf6 32. Rxd8+ Kxd8 33. Qd3+ Nd7 34. Bg5+ Kc7 35. Kf1 a6 36. Ke1 Qf8
37. Qd5 Qd6 38. Bd8+ 1-0

[Event "U.S. Amateur North U1600"]
[Site "Detroit, MI"]
[Date "2002.05.26"]
[Round "4.13"]
[White "Rayon, Shawn"]
[Black "Samuel, Roland"]
[Result "0-1"]
[WhiteElo "1473"]
[BlackElo "1167"]
[PlyCount "84"]
[EventDate "2002.05.25"]

1. c4 Nf6 2. Nc3 c5 3. d3 Nc6 4. g3 e6 5. Bg2 d5 6. cxd5 exd5 7. e3 Bf5 8. Nge2
Be7 9. O-O O-O 10. d4 Nb4 11. a3 Nd3 12. dxc5 Bxc5 13. Nxd5 Nxd5 14. e4 Ne3 15.
Bxe3 Bxe3 16. exf5 Bg5 17. Qc2 Rc8 18. Qb1 Re8 19. Bf3 Qd7 20. Rd1 Rcd8 21. Bg4
h5 22. Bxh5 Qxf5 23. Rf1 g6 24. Bxg6 fxg6 25. Nc3 Nc5 26. Qa2+ Kg7 27. b4 Rd2
28. Qc4 Nd3 29. Nd5 Ree2 30. Qd4+ Bf6 31. Qxa7 Bxa1 32. Qxb7+ Kh6 33. Ne3 Qg5
34. h4 Qh5 35. Rxa1 Nxf2 36. Qc8 Nh3+ 37. Qxh3 Rxe3 38. Rf1 Qe5 39. Qh2 Rxh2
40. Kxh2 Qxg3+ 41. Kh1 Re2 42. Rf2 Qxf2 {Next White move is missing followed
by ...Qh2#} 0-1

[Event "U.S. Amateur North U1600"]
[Site "Detroit, MI"]
[Date "2002.05.26"]
[Round "4.20"]
[White "Pelt, Jlisa"]
[Black "Collins, Michael"]
[Result "0-1"]
[WhiteElo "739"]
[BlackElo "1360"]
[PlyCount "72"]
[EventDate "2002.05.25"]

1. d4 Nf6 2. Nc3 g6 3. Bg5 Bg7 4. e4 h6 5. Bxf6 Bxf6 6. g3 c5 7. e5 Bg7 8. Bg2
cxd4 9. Qxd4 Nc6 10. Bxc6 bxc6 11. Qe3 Qc7 12. f4 Bb7 13. O-O-O c5 14. Nb5 Qb6
15. Nd6+ exd6 16. exd6+ Kd8 17. c3 Rb8 18. Qe7+ Kc8 19. Qxf7 Bd5 20. Rxd5 Qxb2+
21. Kd1 Qxc3 22. Qxg6 Qa1+ 23. Ke2 Qxa2+ 24. Rd2 Qc4+ 25. Qd3 Re8+ 26. Kf3
Qxd3+ 27. Rxd3 c4 28. Rd5 c3 29. Ne2 Rb3 30. Rc5+ Kb7 31. Rc7+ Kb6 32. Rxd7 c2+
33. Kg4 Rxe2 34. Rxg7 Rb1 35. d7 Rd2 36. Kf3 Rxh1 0-1

[Event "U.S. Amateur North"]
[Site "Detroit, MI"]
[Date "2002.05.26"]
[Round "5.8"]
[White "Moore, Robert"]
[Black "Burwell, Raymond"]
[Result "1-0"]
[WhiteElo "1600"]
[BlackElo "1758"]
[PlyCount "81"]
[EventDate "2002.05.25"]

1. e4 e5 2. Nf3 Nc6 3. Bb5 a6 4. Ba4 Nf6 5. O-O b5 6. Bb3 Be7 7. Re1 d6 8. c3
Bg4 9. h3 Bh5 10. d4 O-O 11. Bc2 exd4 12. cxd4 Nb4 13. Bb3 c5 14. a3 Nc6 15. g4
Bg6 16. d5 Ne5 17. Nxe5 dxe5 18. Bc2 c4 19. Nc3 Bc5 20. Be3 Qb6 21. Qe2 Bd4 22.
Qd2 Rfd8 23. Rad1 Bxe3 24. Qxe3 Qd6 25. f3 Nd7 26. Na2 a5 27. Nc3 Rdb8 28. Ra1
f6 29. Kf1 Be8 30. g5 b4 31. axb4 axb4 32. Nb5 Qc5 33. Qxc5 Nxc5 34. Rxa8 Rxa8
35. Nc7 Rc8 36. Nxe8 Rxe8 37. Ra1 fxg5 38. Ra5 Rc8 39. d6 b3 40. Rxc5 bxc2 41.
Rxc8+ 1-0

[Event "U.S. Amateur North"]
[Site "Detroit, MI"]
[Date "2002.05.26"]
[Round "4.8"]
[White "Matias, I.C."]
[Black "Mahabir, Naresh"]
[Result "1-0"]
[WhiteElo "1666"]
[BlackElo "1349"]
[PlyCount "49"]
[EventDate "2002.05.25"]

1. e4 e5 2. Nf3 Nc6 3. Bb5 Bc5 4. c3 a6 5. Bxc6 dxc6 6. Nxe5 Bd6 7. Nf3 Bg4 8.
d4 f6 9. Nbd2 Qe7 10. O-O O-O-O 11. Re1 Bf4 12. Qc2 Bxd2 13. Nxd2 f5 14. Nc4
Nf6 15. Bg5 fxe4 16. Bxf6 Qxf6 17. Qxe4 Bf5 18. Qe7 Qxe7 19. Rxe7 Rd7 20. Rae1
Kd8 21. Rxd7+ Bxd7 22. Ne5 Kc8 23. f4 Be6 24. a3 g6 25. Kf2 1-0

[Event "U.S. Amateur North"]
[Site "Detroit, MI"]
[Date "2002.05.26"]
[Round "5.2"]
[White "LaForge, Tom"]
[Black "Mahabir, Jagdesh"]
[Result "1-0"]
[WhiteElo "1936"]
[BlackElo "1435"]
[PlyCount "24"]
[EventDate "2002.05.25"]

1. e4 e5 2. Nf3 Nc6 3. Bb5 Bc5 4. O-O Nge7 5. Nxe5 Nxe5 6. d4 c6 7. Ba4 Bxd4 8.
Qxd4 f6 9. f4 Nf7 10. c4 O-O 11. Nc3 Re8 12. e5 d6 1-0

[Event "U.S. Amateur North"]
[Site "Detroit, MI"]
[Date "2002.05.26"]
[Round "5.3"]
[White "Kriseler, Mark"]
[Black "Vandivier, Don"]
[Result "1/2-1/2"]
[WhiteElo "1924"]
[BlackElo "1927"]
[Annotator "Don Vandivier"]
[PlyCount "91"]
[EventDate "2002.05.25"]

1. e3 c5 2. b3 Nf6 3. Bb2 d5 4. Bb5+ Bd7 5. Qe2 Nc6 6. Nc3 e6 7. f4 {Kriseler
u ses this system alot. He beat me with this same line last year because I
castled too early.} a6 8. Bxc6 Bxc6 9. Nf3 Bd6 10. d3 {Last year we arrived at
the same position and I played 10...0-0? He immediately played 11. g4! and
crushed me, eventually castling long. This time I am ready for him.} b5 $5 11.
Ne5 Bxe5 12. fxe5 Nd7 13. Qg4 O-O {The point is if he castles long this time
my attack will get there before his since I have already advanced the Q-side
pawns.} 14. O-O $6 Nxe5 {White erroneously gives up a pawn thinking that he
will obtain a strong attack from the queen and bishop.} 15. Qg3 Ng6 16. Ne2 Qe7
17. Nf4 Rad8 ({Not} 17... Rae8 $2 18. Nxg6 hxg6 19. Be5 {when I have to play ..
.Rd8 anyways.}) 18. Nxg6 hxg6 19. Rf4 e5 $1 {sealing out the horrible bishop.}
20. Rh4 d4 21. Qh3 f5 22. Rh8+ Kf7 23. Rxf8+ Kxf8 24. Qg3 Qf6 25. exd4 cxd4 26.
Re1 f4 (26... Re8 27. c3) 27. Qg4 b4 28. a3 bxa3 29. Bxa3+ Kg8 30. Bb4 Re8 31.
c3 Qf5 $5 32. Qxf5 gxf5 33. cxd4 e4 34. Bd6 g5 35. h4 exd3 {possibly better
was:} (35... Rd8 36. Be5 gxh4 37. dxe4 fxe4 38. Rf1 f3 39. gxf3 exf3 {but it
looks pretty drawish.}) 36. Rxe8+ Bxe8 37. Kf2 Bb5 38. Ke1 (38. hxg5 $4 d2)
38... f3 $5 39. gxf3 gxh4 40. Bf4 Kf7 41. d5 h3 ({It might be a draw, but a
better way to play for a win would be:} 41... a5 42. Kd2 ({Or} 42. Kf2 Kf6)
42... h3 {with the idea of penetrating on the Q-side with the king to win the
b-pawn. If the b-pawn can be won in exchange for the d-pawn, Black will have
better chances with the passed a and h pawns.}) 42. Kf2 Kf6 43. Kg3 d2 44. Bxd2
Ke5 45. Kxh3 Kxd5 46. f4 {Draw agreed} 1/2-1/2

[Event "U.S. Amateur North"]
[Site "Detroit, MI"]
[Date "2002.05.26"]
[Round "5.5"]
[White "Jarosz, Stan"]
[Black "Matias, I.C."]
[Result "1/2-1/2"]
[WhiteElo "2051"]
[BlackElo "1666"]
[PlyCount "93"]
[EventDate "2002.05.25"]

1. d4 Nf6 2. c4 e6 3. Nf3 b6 4. a3 Bb7 5. Nc3 Be7 6. d5 O-O 7. e4 exd5 8. cxd5
d6 9. Be2 Nbd7 10. O-O a6 11. Nd4 Re8 12. f3 Ne5 13. Be3 Nfd7 14. Qd2 Bf6 15.
Rac1 Ng6 16. Rfd1 Nc5 17. Bc4 Be5 18. b4 Nd7 19. Nf5 Nh4 20. Bg5 Bf6 21. Bxf6
Qxf6 22. Nxh4 Qxh4 23. Bf1 Ne5 24. Ne2 Re7 25. Ng3 g6 26. Rc2 Rc8 27. Rdc1 Qf6
28. Rc3 h5 29. Ne2 c5 30. dxc6 Rxc6 31. Rxc6 Nxc6 32. Rd1 Rd7 33. Nc3 Ne7 34.
Bc4 b5 35. Bd5 Bxd5 36. Nxd5 Nxd5 37. Qxd5 Qc3 38. h3 Qe3+ 39. Kh1 Qxa3 40. e5
Qxb4 41. exd6 Qc4 42. Qa8+ Kh7 43. Qxa6 Qc5 44. Qa2 Qc4 45. Qb2 Qc5 46. Qf6 b4
47. Rb1 1/2-1/2

[Event "U.S. Amateur North"]
[Site "Detroit, MI"]
[Date "2002.05.26"]
[Round "4.2"]
[White "Jarosz, Stan"]
[Black "Andreas, Peter"]
[Result "0-1"]
[WhiteElo "2051"]
[BlackElo "1807"]
[Annotator "Don Vandivier"]
[PlyCount "62"]
[EventDate "2002.05.25"]

1. d4 d5 2. c4 c6 3. Nf3 Nf6 4. Nc3 dxc4 5. a4 Bf5 6. e3 Bd3 7. Bxd3 cxd3 8.
Qxd3 e6 9. O-O Be7 10. Rd1 ({The "book" continuation is} 10. e4 O-O 11. Bg5
Nbd7 12. Rad1 h6 13. Bc1) 10... Na6 11. e4 Nb4 12. Qe2 O-O 13. Bf4 Qa5 14. h3
Rfd8 15. Ne5 Rac8 16. Nc4 Qa6 17. b3 b6 18. f3 Qb7 19. Na2 b5 20. Ne3 a6 21.
Nxb4 Bxb4 22. Kh1 $2 {This overly cautious move drops a pawn. Better was} (22.
Rac1) 22... Bc3 23. Rac1 Bxd4 24. axb5 cxb5 25. Rxc8 Qxc8 26. Nc2 Bb6 27. Rxd8+
Bxd8 28. Qd3 Be7 29. Bd2 h6 30. Ba5 Nd7 31. Qd2 Ne5 0-1

[Event "U.S. Amateur North U1600"]
[Site "Detroit, MI"]
[Date "2002.05.26"]
[Round "4.10"]
[White "Holden, Anthony"]
[Black "Durbin, Ricky"]
[Result "1-0"]
[WhiteElo "1477"]
[BlackElo "1518"]
[PlyCount "94"]
[EventDate "2002.05.25"]

1. d4 d5 2. e3 Nf6 3. Bd3 e6 4. c3 c5 5. Nd2 Nc6 6. f4 cxd4 7. cxd4 Bd6 8. Ngf3
Bc7 9. O-O O-O 10. Ne5 Nxe5 11. dxe5 Nd7 12. Rf3 g6 13. Rg3 Re8 14. Nf3 Nf8 15.
h4 Bd7 16. h5 Bb6 17. Ng5 Bc5 18. Nxh7 Nxh7 19. hxg6 Qh4 20. gxh7+ Kh8 21. Rh3
Qe7 22. Bd2 d4 23. Qe2 f5 24. exf6 Qxf6 25. e4 Bc6 26. Qh5 Bb6 27. Qh6 Qf7 28.
Rf1 Re7 29. Bb4 Rd7 30. e5 Qg7 31. Qf6 Bxg2 32. Rg3 Qxf6 33. exf6 Bxf1 34. Kxf1
Bc7 35. Rg4 Rf7 36. Be7 Rc8 37. f5 e5 38. Rg7 Rxg7 39. fxg7+ Kxg7 40. f6+ Kf7
41. Bc4+ Kg6 42. Bg8 d3 43. h8=Q d2 44. Qh7+ Kg5 45. f7+ Kg4 46. Qe4+ Kh5 47.
Qh4+ Kg6 1-0

[Event "U.S. Amateur North"]
[Site "Detroit, MI"]
[Date "2002.05.26"]
[Round "5.4"]
[White "Hill, Brad"]
[Black "Herreshoff, Matt"]
[Result "1-0"]
[WhiteElo "1733"]
[BlackElo "1739"]
[PlyCount "101"]
[EventDate "2002.05.25"]

1. d4 Nf6 2. Bg5 c6 3. Bxf6 exf6 4. c4 d5 5. e3 Bf5 6. Nc3 Bb4 7. Qb3 Qa5 8.
Be2 O-O 9. Nf3 Be6 10. Nd2 Nd7 11. O-O Be7 12. cxd5 cxd5 13. Qa4 Qb4 14. Nb3
Rfc8 15. Rfc1 Nb6 16. Qxb4 Bxb4 17. Nb5 Nc4 18. a3 Be7 19. Bxc4 dxc4 20. Nd2 a6
21. Nc3 f5 22. a4 Bb4 23. a5 Kf8 24. Ra4 Bd6 25. d5 Bd7 26. Rxc4 Rxc4 27. Nxc4
Bb4 28. Na2 Be7 29. Ne5 Bb5 30. Rd1 f6 31. Nd3 Ba4 32. Rd2 Bb3 33. Nc3 g5 34.
d6 Bd8 35. Nc5 Bc4 36. Rd4 Bf7 37. Nxb7 Rb8 38. Nxd8 Rxd8 39. Na4 Rc8 40. h3
Rc1+ 41. Kh2 Rc4 42. Rd2 Ke8 43. Nb6 Rc5 44. b4 Rc6 45. Kg3 Bc4 46. Rd4 Bb5 47.
Nd5 Rc4 48. Nc7+ Kd7 49. Nxb5 axb5 50. Rxc4 bxc4 51. Kf3 1-0

[Event "U.S. Amateur North"]
[Site "Detroit, MI"]
[Date "2002.05.26"]
[Round "4.3"]
[White "Herreshoff, Matt"]
[Black "LaForge, Tom"]
[Result "0-1"]
[WhiteElo "1739"]
[BlackElo "1936"]
[PlyCount "82"]
[EventDate "2002.05.25"]

1. c4 e6 2. g3 d5 3. Bg2 Nf6 4. Nf3 Nbd7 5. O-O c6 6. b3 Bd6 7. Qc2 O-O 8. d4
Ne4 9. Nc3 f5 10. Bb2 Ndf6 11. Ne5 Bd7 12. a4 a5 13. Ba3 Bxa3 14. Rxa3 Be8 15.
f3 Nxc3 16. Qxc3 Nd7 17. Nd3 g5 18. f4 Nf6 19. e3 Ne4 20. Bxe4 fxe4 21. Ne5
gxf4 22. gxf4 Kh8 23. Ra2 Rg8+ 24. Rg2 Bh5 25. Qe1 Qf6 26. cxd5 Rxg2+ 27. Kxg2
Rg8+ 28. Kh1 Qg7 29. Rg1 Qxg1+ 30. Qxg1 Rxg1+ 31. Kxg1 exd5 32. Kf2 Be8 33. Kg3
Kg7 34. Kg4 Kf6 35. Kh4 Kf5 36. Ng4 c5 37. dxc5 d4 38. exd4 Kxf4 39. Ne5 e3 40.
Kh3 Ke4 41. Nc4 e2 0-1

[Event "U.S. Amateur North U1600"]
[Site "Detroit, MI"]
[Date "2002.05.26"]
[Round "5.10"]
[White "Grzegorczyk, Ron"]
[Black "Holden, Anthony"]
[Result "1-0"]
[WhiteElo "1500"]
[BlackElo "1477"]
[Annotator "Don Vandivier"]
[PlyCount "141"]
[EventDate "2002.05.25"]

1. e4 c5 2. b3 e5 3. Bb2 Nf6 4. d3 Nc6 5. Nf3 d6 6. Be2 h6 7. Nbd2 g5 8. h3 a5
9. c3 Bd7 10. d4 $1 cxd4 11. cxd4 g4 12. hxg4 Bxg4 13. dxe5 dxe5 14. Nxe5 Bxe2
15. Qxe2 Bb4 16. O-O-O Qe7 17. Ng4 Ba3 18. Nxf6+ Qxf6 19. Nc4 $6 (19. Bxa3 Qa1+
20. Nb1 Rc8 21. Qb5 {and Black is totally busted.}) 19... Bxb2+ 20. Qxb2 Qg5+
21. Qd2 Qxd2+ 22. Rxd2 a4 23. Nb6 Ra6 24. Nxa4 Nb4 25. a3 Rc6+ 26. Kb2 Na6 27.
Rhd1 O-O 28. Rd6 Rfc8 29. Rxc6 Rxc6 30. b4 Rg6 31. g3 Rf6 32. f4 Rg6 33. Rd3 h5
34. Nc3 h4 35. gxh4 Rg4 36. Nd5 Rxh4 37. a4 Nb8 38. Kb3 f5 39. e5 Kf7 40. b5
Nd7 41. Rd4 Nc5+ 42. Kb4 Ne4 43. a5 Rh1 44. Nc3 Re1 45. Nxe4 fxe4 46. Kc5 e3
47. Kb6 e2 48. Re4 Ke6 49. Kxb7 Kf5 50. Re3 Kxf4 51. e6 Kxe3 52. e7 Rf1 53.
e8=Q+ Kd3 54. Qd7+ Kc3 55. Qc6+ Kd3 56. Qd5+ Ke3 57. Qb3+ Kd2 58. Qb2+ Kd3 59.
Qb3+ Kd2 60. Qd5+ Ke3 61. a6 e1=Q 62. Qe5+ Kd3 63. Qxe1 Rxe1 64. a7 Re7+ 65.
Ka6 Re2 66. a8=Q Ra2+ 67. Kb7 Rxa8 68. Kxa8 Kc4 69. b6 Kb5 70. b7 Kc6 71. b8=Q
1-0

[Event "U.S. Amateur North U1600"]
[Site "Detroit, MI"]
[Date "2002.05.26"]
[Round "4.18"]
[White "Griffin, John"]
[Black "Brooks, Randall"]
[Result "1-0"]
[WhiteElo "1513"]
[BlackElo "783"]
[PlyCount "101"]
[EventDate "2002.05.25"]

1. d4 d5 2. c4 c6 3. Nf3 Nf6 4. e3 e6 5. b3 Ne4 6. Qc2 f5 7. a3 c5 8. Nbd2 Nc6
9. cxd5 exd5 10. dxc5 Nxc5 11. b4 Ne4 12. Bb2 Qe7 13. Bb5 Bd7 14. O-O Rc8 15.
Qd1 a6 16. Bxc6 Bxc6 17. Rc1 Qe6 18. Nd4 Qd7 19. Nxe4 fxe4 20. Nxc6 bxc6 21.
Qh5+ Qf7 22. Qxf7+ Kxf7 23. f3 exf3 24. Rxf3+ Ke8 25. Bd4 Rg8 26. Rcf1 Be7 27.
Rf7 c5 28. Bxc5 Bxc5 29. bxc5 Rxc5 30. Ra7 Kd8 31. Rb1 Re8 32. Rb8+ Rc8 33.
Rxc8+ Kxc8 34. Kf2 Rf8+ 35. Ke2 Rf6 36. Rxg7 Rg6 37. Rxg6 hxg6 38. Kd3 Kd7 39.
Kd4 Ke6 40. h4 a5 41. a4 Kd6 42. g4 Ke6 43. h5 gxh5 44. gxh5 Kf5 45. Kxd5 Kg5
46. e4 Kxh5 47. e5 Kg6 48. Kd6 Kf7 49. Kd7 Kf8 50. e6 Kg7 51. e7 1-0

[Event "U.S. Amateur North U1600"]
[Site "Detroit, MI"]
[Date "2002.05.26"]
[Round "5"]
[White "Durbin, Rickey"]
[Black "Saylor, Oliver"]
[Result "0-1"]
[WhiteElo "1518"]
[BlackElo "1377"]
[Annotator "Don Vandivier"]
[PlyCount "94"]
[EventDate "2002.05.25"]

{Queen's Gambit: Chigorin} 1. d4 d5 2. Nf3 Nc6 3. c4 e6 4. Nc3 Nf6 5. Bg5 h6 $6
{5...Be7 breaking the pin is the preferred line. The text move destroys
Black's pawn structure.} 6. Bxf6 gxf6 7. cxd5 exd5 8. e3 Bg4 9. a3 Bg7 10. Be2
$6 (10. Qb3 $1 {is very hard to meet.}) 10... Qd7 11. Qb3 O-O-O 12. Rc1 f5 13.
Na4 Bf8 14. Bb5 Bxf3 15. gxf3 Qe6 16. Qc3 $6 {White should exchange on c6. Not
only does it further weaken Black's pawn structure and King position, but it
allows the following line:} (16. Bxc6 bxc6 17. Rc5 $1 Kd7 18. Ra5 Bd6 19. Rxa7)
16... Rd6 17. Nc5 Qg6 18. Bd3 ({Much stronger is} 18. Nd3 $1 {with threats of
Ne5 and/or Nf4}) 18... Rf6 19. Ke2 Bxc5 20. Qxc5 Rd6 21. b4 Rd7 22. Qc2 $6 {
This looks like a good move, but Black finds a beautiful defense.} ({White
should have stuck with his original plan of} 22. b5 Nb8 23. Qxa7) 22... Qe6 $3
23. Kd2 (23. Bxf5 $4 Nxd4+ $1) 23... Ne7 24. Bb5 c6 25. Bd3 Kb8 26. Qb2 (26. f4
$5 {fixing the Black pawn structure was much better.} Rg8 27. Rhg1 $5) 26...
Rg8 27. b5 Rc7 28. b6 axb6 29. Qxb6 Rg2 {Now Black is better!} 30. Rhf1 Nc8 31.
Qb3 Qf6 32. Rb1 f4 33. Be2 fxe3+ 34. fxe3 Qh4 35. Qd1 {White is having
difficulties now.} Qxh2 36. Rb2 ({Not any better was} 36. Rh1 Qg3 37. Rxh6 c5
38. Rc1 (38. dxc5 d4) 38... cxd4 39. Rxc7 dxe3+ 40. Kc2 Qxc7+ 41. Kb3 d4) 36...
Nd6 37. Kc1 Nc4 38. Rh1 Nxb2 $1 39. Rxh2 Nxd1 40. Rxg2 Nxe3 41. Rg8+ Ka7 42.
Bd3 c5 43. Kd2 cxd4 44. Rh8 Rc6 45. Re8 Nc4+ 46. Ke2 Re6+ 47. Rxe6 fxe6 {and
Black won easily.} 0-1

[Event "U.S. Amateur North U1600"]
[Site "Detroit, MI"]
[Date "2002.05.26"]
[Round "4.17"]
[White "Culverson, Javin"]
[Black "Thumm, Jon"]
[Result "0-1"]
[WhiteElo "1143"]
[BlackElo "1250"]
[PlyCount "117"]
[EventDate "2002.05.25"]

1. e4 d6 2. d4 Nf6 3. Nc3 g6 4. f4 Bg7 5. Nf3 O-O 6. Bd3 e6 7. e5 Ng4 8. h3 Nh6
9. g4 Kh8 10. Ne4 Ng8 11. g5 Nc6 12. Nf6 Nce7 13. h4 Nf5 14. h5 h6 15. hxg6
Bxf6 16. gxf6 fxg6 17. Ng5 h5 18. Rxh5+ Nfh6 19. f7 Kg7 20. fxg8=Q+ Rxg8 21.
Bxg6 Kxg6 22. Qd3+ Kxh5 23. Qh3+ Kg6 24. f5+ exf5 25. Nh7 Ng4 26. Bg5 Qe7 27.
Nf6 Nxf6 28. Qh6+ Kf7 29. Qxf6+ Ke8 30. O-O-O Qe6 31. Qd8+ Kf7 32. Qxc7+ Qd7
33. Qc4+ d5 34. e6+ Qxe6 35. Qc7+ Qd7 36. Qf4 Qe6 37. Rh1 Rh8 38. Rg1 Bd7 39.
b3 Rac8 40. Kb2 Qe4 41. Qd6 Qe6 42. Qg3 Rhg8 43. Qh4 Rh8 44. Qf2 Rhe8 45. Bf4
Rg8 46. Be5 Rxg1 47. Qxg1 Rg8 48. Qh1 Ke8 49. Qf3 Bc6 50. Kc3 Rg4 51. Kb4 b6
52. Qh3 Qxe5 53. Qh5+ Kd8 54. c4 Rxd4 55. Qg5+ Kc8 56. Qg8+ Kc7 57. Qf7+ Bd7
58. Ka3 dxc4 59. bxc4 0-1

[Event "U.S. Amateur North"]
[Site "Detroit, MI"]
[Date "2002.05.26"]
[Round "5.6"]
[White "Cox, Nick"]
[Black "Steen, Harold"]
[Result "1/2-1/2"]
[WhiteElo "1465"]
[BlackElo "1617"]
[PlyCount "102"]
[EventDate "2002.05.25"]

1. e4 c5 2. Nf3 d6 3. d4 cxd4 4. Nxd4 Nf6 5. Nc3 a6 6. Bc4 e6 7. Be3 Qc7 8. Qe2
b5 9. Bb3 Be7 10. f3 O-O 11. O-O-O Nc6 12. h4 Na5 13. g4 Nxb3+ 14. Nxb3 Bb7 15.
h5 h6 16. Qg2 Rac8 17. g5 hxg5 18. Bxg5 b4 19. Nb1 Rfe8 20. Rd2 a5 21. Bh6 Bf8
22. Bxg7 Bxg7 23. h6 Kf8 24. Qxg7+ Ke7 25. Qg5 Rg8 26. Qxa5 Qc4 27. Qa7 Rc7 28.
Qd4 d5 29. Qxc4 dxc4 30. Nd4 Nh7 31. c3 bxc3 32. Nxc3 Ba6 33. Rc2 Rg3 34. Ncb5
Bxb5 35. Nxb5 Rc5 36. Na3 c3 37. Rxc3 Rxc3+ 38. bxc3 Rxf3 39. Nb5 Rf4 40. Re1
Rh4 41. a4 Rxh6 42. a5 e5 43. Kb2 Ra6 44. Ra1 Nf6 45. Ra4 Nd7 46. Nc7 Ra7 47.
Nd5+ Kd6 48. Ra1 Nc5 49. Nb6 Kc6 50. Nc4 f6 51. Nd2 Kb5 1/2-1/2

[Event "U.S. Amateur North"]
[Site "Detroit, MI"]
[Date "2002.05.26"]
[Round "4.7"]
[White "Cox, Nick"]
[Black "Moore, Robert"]
[Result "1-0"]
[WhiteElo "1465"]
[BlackElo "1600"]
[PlyCount "53"]
[EventDate "2002.05.25"]

1. e4 c5 2. Nf3 d6 3. d4 cxd4 4. Nxd4 Nf6 5. Nc3 a6 6. f3 Nc6 7. Be3 e6 8. Bc4
Be7 9. Qd2 Qc7 10. O-O-O Bd7 11. Bb3 Na5 12. g4 Nxb3+ 13. Nxb3 h6 14. g5 hxg5
15. Bxg5 Rc8 16. f4 Bc6 17. Rhe1 Ng4 18. h4 f6 19. Qg2 fxg5 20. Qxg4 Rxh4 21.
Qxe6 Bd7 22. Qg8+ Bf8 23. e5 Qc4 24. exd6+ Be6 25. Rxe6+ Kd7 26. Qf7+ Kc6 27.
d7+ 1-0

[Event "U.S. Amateur North"]
[Site "Detroit, MI"]
[Date "2002.05.26"]
[Round "4.9"]
[White "Burwell, Raymond"]
[Black "Gadson, Joseph"]
[Result "1-0"]
[WhiteElo "1758"]
[BlackElo "1675"]
[PlyCount "50"]
[EventDate "2002.05.25"]

1. d4 Nf6 2. c4 e5 3. d5 Bc5 4. Nc3 Ng4 5. e3 f5 6. Be2 d6 7. Nf3 f4 8. h3 fxe3
9. hxg4 exf2+ 10. Kf1 Bxg4 11. Ng5 Bf5 12. Bg4 Bg6 13. Ne6 Qe7 14. Bg5 Qf7 15.
Nd8 Qf8 16. Rh3 Nd7 17. Ne6 Qf7 18. Nxc7+ Kf8 19. Rf3 Nf6 20. Nxa8 e4 21. Be6
exf3 22. Bxf7 Ng4 23. Bf4 fxg2+ 24. Kxg2 Kxf7 25. Qxg4 Rxa8 1-0

[Event "U.S. Amateur North"]
[Site "Detroit, MI"]
[Date "2002.05.26"]
[Round "5.1"]
[White "Andreas, Peter"]
[Black "Rogers, Bradley"]
[Result "1/2-1/2"]
[WhiteElo "2009"]
[BlackElo "1807"]
[Annotator "Don Vandivier"]
[PlyCount "68"]
[EventDate "2002.05.25"]

1. d4 Nf6 2. c4 c5 3. d5 g6 4. Nc3 Bg7 5. e4 d6 6. Bd3 O-O 7. Nge2 Na6 8. O-O
Nc7 9. Bg5 a6 10. Qd2 Rb8 11. a4 Bd7 12. Bh6 b5 13. Bxg7 Kxg7 14. axb5 axb5 15.
cxb5 Nxb5 16. f3 Qb6 17. Bxb5 Bxb5 18. Nxb5 Qxb5 19. Rfb1 Rb7 20. Nc3 Qd7 21.
Ra3 Rfb8 22. Nd1 Rb4 23. Rba1 R8b7 24. Qc2 e6 25. dxe6 Qxe6 26. Rd3 c4 {
DIAGRAM!} ({Black could have seized the inniative with} 26... d5 $1 27. Qxc5
Rc4 28. Qf2 dxe4 29. Re3 Qd6 30. Qe2 (30. Re2 Ra4) 30... Qc5) 27. Re3 d5 28.
exd5 Qxd5 29. Qf2 Qc5 30. Re2 Qxf2+ 31. Kxf2 Nd7 32. Ra5 $5 {Preventing the
Black knight from going to c5 and then d3, which would favor Black.} Nf8 ({If} 
32... f6 {intending ...Ne5 White plays 33. f4 keeping the knight out. Note
that exchanging rooks with 32...R/4 b5? would be a mistake because the White
king would reach Black's c-pawn.}) 33. Rc5 Ne6 34. Rc8 h5 ({Also leading to a
drawn position is} 34... Nf4 35. Rc2 Nd3+ 36. Ke3 h5 37. R2xc4 Rxc4 38. Rxc4
Nxb2 39. Rd4 Rb3+ 40. Ke2 Nxd1 41. Rxd1) 1/2-1/2

[Event "Flint June Tuesday Night Swiss"]
[Site "Flint, MI"]
[Date "2002.06.04"]
[Round "1.2"]
[White "Vandivier, Don"]
[Black "Saylor, Oliver"]
[Result "1-0"]
[WhiteElo "1917"]
[BlackElo "1328"]
[Annotator "Don Vandivier"]
[PlyCount "73"]
[EventDate "2002.06.04"]

1. e4 e5 2. Nf3 Nc6 3. d4 exd4 4. Bc4 Bb4+ 5. c3 dxc3 6. bxc3 Ba5 7. Qb3 Qe7 8.
O-O d6 9. Re1 Bb6 10. Bg5 $6 (10. e5 $1 dxe5 11. Ba3 Qf6 12. Nbd2 Bf5 {Look
this attack up on the video!}) 10... f6 (10... Nf6 {is even better.} 11. e5
Nxe5 12. Nxe5 dxe5 13. Nd2 O-O $1 (13... Bxf2+ $6 14. Kxf2 Ng4+ 15. Kg1 Qxg5
16. Bxf7+ Kf8 17. Nf3 Qe7 18. Bh5 Qc5+ 19. Nd4 g6 20. Bxg4 Bxg4 21. Qxb7 Rc8
22. Qc6 Qd6 23. Qe4 exd4 24. Qxg4 Kf7 25. Qxd4 {is even.}) 14. Ne4 Bf5 {and
White doesn't have enough for his material.}) 11. Bxg8 Na5 $1 12. Qd5 c6 $1 (
12... fxg5 $2 13. Bxh7 $1) 13. Qd2 fxg5 14. Bb3 Nxb3 15. axb3 O-O 16. Na3 g4
17. Nd4 c5 $6 18. Nc4 $1 Bc7 $2 (18... Bd7 19. Nf5 Bxf5 20. exf5 Qf7 21. Nxd6
Rad8 22. Red1 Qc7 23. Qd5+ Kh8 24. Rd3 {White is slightly better.}) 19. Nb5 a6
$2 20. Nxc7 Qxc7 21. Qxd6 Qf7 $2 22. Qxc5 b5 23. Nb6 ({Also playable was} 23.
Nd6 Qxb3 24. Reb1 Qe6 25. Rxb5 Qh6 26. Rb6 Qf4 27. Qd5+ Kh8 28. Rf1 Ra7 29. e5
{but much too complicated for me.}) 23... Qa7 $2 24. Qd5+ Qf7 $2 (24... Kh8 25.
Nxa8 Bb7 (25... Qxf2+ $2 26. Kh1 h6 27. Qe5 Bb7 28. Nc7) 26. Qd4 Qxa8 27. Rad1)
25. Qxf7+ Kxf7 26. Nxa8 Bb7 27. Nb6 Ke6 28. Rad1 Rf7 29. Nd5 a5 30. Re3 a4 31.
bxa4 bxa4 32. c4 Bc6 33. Nb4 Be8 34. c5 Ke5 35. Rd5+ Ke6 36. Rd6+ Ke5 ({Only
move is} 36... Ke7 37. Nd5+ Kf8 38. c6 Bxc6 39. Rxc6) 37. Nd3# 1-0